000 00529nam a2200133Ia 4500
008 170221s9999 xx 000 0 und d
100 _aWasan Kadhim Saad
245 _aSpectrum Sensing Schemes for Dynamic Primary User Signal Under AWGN and Rayleigh Fading Channels
245 _cWasan Kadhim Saad, Mahamod Ismail, Rosdiadee Nordin, and Ayman A. El-Saleh
260 _bJournal of Communications
650 _xCommunication
650 _xMedia Arts
856 _uhttp://www.jocm.us/index.php?m=content&c=index&a=lists&catid=159
999 _c312594
_d312594